00294nam a2200121Ia 4500003000400000005001700004008004100021020001800062040001000080100002200090245004400112260001600156OSt20240102053629.0170523s9999 xx 000 0 und d a9788126532599 cIIMTU aChao- H. Jonathan 0aBroadband Packet Switching Technologies aWiley India